| 000 | 01129cam a2200229 4500 | ||
|---|---|---|---|
| 001 | WB3846-08 | ||
| 008 | 021212n2002 000 0 eng u | ||
| 035 | _a(Sirsi) u120748 | ||
| 245 | _aRegulations to protect workers from fire and explosion | ||
| 260 | _c2002 | ||
| 490 |
_aHealth and Safety Executive Press Release _v 9 December 2002, (2) |
||
| 520 | _aDangerous Substances and Explosive Atmospheres Regulations 2002 comes into force. It will control fire and explosion risks from dangerous substances at nearly every business in the UK and gives minimum requirements for the protection of workers. A free leaflet, 'Fire and explosion, how safe is your workplace' is available from the HSE at http://www.hse.gov.uk/pubns/index.htm For the Health & Safety Executive Press Release: http://www.hse.gov.uk/pubns/index.htm | ||
| 590 | _aWB | ||
| 650 | _aFIRE | ||
| 650 | _aDANGEROUS SUBSTANCES AND EXPLOSIVE ATMOSPHERES REGULATIONS 2002 | ||
| 650 | _aSMALL BUSINESSES | ||
| 650 | _aHAZARDOUS SUBSTANCES | ||
| 650 | _aWORKFORCE INFORMATION | ||
| 650 | _aEXPLOSIONS | ||
| 690 |
_aHealth and safety _96244 |
||
| 942 | _n0 | ||
| 999 |
_c71753 _d71753 |
||